| 000 | 00617nam a2200241Ia 4500 | ||
|---|---|---|---|
| 003 | OSt | ||
| 005 | 20220918192746.0 | ||
| 006 | a|||||r|||| 00| 0 | ||
| 007 | ta | ||
| 008 | 220917b |||||||| |||| 00| 0 eng d | ||
| 024 | _a70,120 | ||
| 037 | _cTextual | ||
| 040 |
_aARTS _cARTS _beng |
||
| 041 |
_2eng _aeng |
||
| 082 | _aR321, L5 | ||
| 100 |
_aStich Stephen P ed _980072 |
||
| 245 | 0 | _aInnate ideas | |
| 260 |
_aBerkeley _bUniv of California Press _c1975 |
||
| 300 |
_ax,222p. _ccm. |
||
| 500 | _aBib 219-22p | ||
| 942 |
_hR321, L5 _cTEXL _2CC |
||
| 999 |
_c196220 _d196220 |
||